00357nam a2200133Ia 45000030006000000080041000060400015000471000019000622450080000812600027001613000006001885460012001940050017002060STCL150530s9999 xx 000 0 und d aSTCLcSTCL aPalanichamy, S aJournal of Ecotoxicology and Environmental Monitoring Vol.16, No-6 Nov 2006 bPalani Paramountc2006 a0 aEnglish20220125165916.0